| 000 | 00729nam a22002057a 4500 | ||
|---|---|---|---|
| 999 |
_c17956 _d17956 |
||
| 003 | AR-CdUCM | ||
| 008 | 190510b ||||| |||| 00| 0 spa d | ||
| 040 |
_aMUNICIPALIDAD PROVINCIAL DEL CUSCO _cBIBLIOTECA MUNICIPAL DEL CUSCO |
||
| 082 |
_22ed. _a129.66 / _bOR73 |
||
| 100 |
_aOrtega y Gasset, José _95772 |
||
| 245 | _aLa deshumanización del arte ; Ideas sobre la novela / | ||
| 260 |
_aMadrid : _bRevista de Occidente, _c1928. |
||
| 300 |
_a161 páginas ; _c17 cm. |
||
| 505 | _aContenido: La deshumanización del arte -- Ideas sobre la novela -- El arte en presente y en pretérito. | ||
| 650 |
_aArte _9561 |
||
| 650 |
_aFilosofía _9395 |
||
| 650 |
_aEstética _9589 |
||
| 942 |
_2ddc _cLIBROS |
||
| 945 |
_aacv _d2019-05-10 |
||